| 000 | 01085cam a22003251 4500 | ||
|---|---|---|---|
| 001 | 77054 | ||
| 003 | BD-RjUL | ||
| 005 | 20211209082924.0 | ||
| 008 | 200217s1946 enkaf b 000 0 eng | ||
| 035 | _a(BD-RjUL) 77278 | ||
| 035 | _a(OCoLC)529619 | ||
| 040 |
_aDLC _cODaWU _dOCoLC _dDLC _beng |
||
| 041 | _aeng | ||
| 042 | _apremarc | ||
| 082 |
_a745 _223 _bMAE 1946 |
||
| 100 | 1 |
_aMarx, Enid, _d1902-1998. _9239556 |
|
| 245 | 1 | 0 |
_aEnglish popular and traditional art / _c[by] Enid Marx [and] Margaret Lambert. With 8 plates in colour and 30 illustrations in black & white. |
| 260 |
_aLondon, _bCollins, _c1946. |
||
| 300 |
_a46, [2] p. : _billus., col. plates. ; _c23 cm. |
||
| 504 | _a"Short bibliography": p. [48] | ||
| 650 | 0 |
_aFolk art _zEngland. _9239559 |
|
| 650 | 0 |
_aDecorative arts _zEngland. _9239560 |
|
| 700 | 1 |
_aLambert, Margaret, _9239564 |
|
| 906 |
_a7 _bcbc _coclcrpl _du _encip _f19 _gy-gencatlg |
||
| 942 |
_2ddc _cBK |
||
| 999 |
_c77054 _d77054 |
||